15 Most Popular Apple Varieties in the U.S. Quiz Stats

Quiz not verified by Sporcle

Challenge
Share
Tweet
Embed
Score 0/15 Timer 04:00
0 Plays Today
% Correct
Red Delicious
92%
Granny Smith
89.3%
Gala
77.3%
Golden Delicious
74.7%
Fuji
65.3%
Honeycrisp
48%
Braeburn
41.3%
McIntosh
40%
% Correct
Cortland
25.3%
Jonagold
22.7%
Empire
21.3%
Jonathan
20%
Rome
20%
Idared
10.7%
Ginger Gold
8%

You're not logged in!

Compare scores with friends on all Sporcle quizzes.
Sign Up with Email
OR
Log In

You Might Also Like...

Show Comments

Extras

Top Quizzes Today


Score Distribution

Your Account Isn't Verified!

In order to create a playlist on Sporcle, you need to verify the email address you used during registration. Go to your Sporcle Settings to finish the process.

Report this User

Report this user for behavior that violates our Community Guidelines.

Details: